000 00510nam a2200157 a 4500
001 BRCA_2338
005 20190320203751.0
008 071008s1925----mx-#---###---#000-0#spa-#
050 4 _aF1230
_b.C84 1925
100 1 _aCuevas y García, Mariano
_d1879-1949
_97023
245 1 0 _aTestamento de Hernán Cortés
_cDescubierto y anotado por Mariano Cuevas.
260 _aMéxico
_bJoseph, Arch. de México
_c1925
300 _a47 p.
_c28 cm.
600 1 4 _aCortés, Hernando
_d1485-1547
_xTestamento
_97024
942 _2lcc
_cB
999 _c2082
_d2082